000 00618nam a2200229Ia 4500
005 20250108124922.0
008 008 250107s9999 xx 000 0 eng d
020 _a978-81-237-8172-3
037 _aTB
040 _aCRL
_beng
_cCRL
041 _aeng
_2eng
084 _aO168,1N61x 152R1
084 _qCRL
100 _aAhuja M. L. Au.
245 0 _aEminent Indians: writitngs from the Raj
_cAhuja M. L. Au.
260 _aNew Delhi, India
_bRupa
_c2663
300 _axii,111p.
365 _aINR
_b255
650 _aBIOGRAPHY
942 _cTB
_hO168,1N61x 152R1
999 _c1235051
_d1235051